| 000 | 00353nam a2200145Ia 4500 | ||
|---|---|---|---|
| 003 | OSt | ||
| 005 | 20240207125718.0 | ||
| 008 | 170523s9999 xx 000 0 und d | ||
| 020 | _a978-0245573705 | ||
| 040 | _ciimt university meerut | ||
| 100 | _aMAIER- NORMAN | ||
| 245 | 0 | _aPSYCHOLOGY IN INDUSTRY | |
| 260 | _bOXFORD IBM PUBLICATION | ||
| 942 |
_2ddc _c02 |
||
| 999 |
_c384 _d384 |
||